Microprogramas de la central moviltel
Uloženo v:
| Hlavní autor: | |
|---|---|
| Další autoři: | |
| Médium: | Kniha |
| Vydáno: |
[San José , Costa Rica]
1985
|
| Tagy: |
Přidat tag
Žádné tagy, Buďte první, kdo vytvoří štítek k tomuto záznamu!
|
MARC
| LEADER | 00000nam a2200000Ia 4500 | ||
|---|---|---|---|
| 003 | 002678 | ||
| 005 | 20230626112829.0 | ||
| 008 | 140114s1985 cr a m 000 ||s d | ||
| 040 | |c cru CEDI | ||
| 090 | |a TFG 1601 | ||
| 100 | |a Villalobos García, Misael Alfredo, 1950- |9 768 | ||
| 245 | |a Microprogramas de la central moviltel | ||
| 260 | |a [San José , Costa Rica] |c 1985 | ||
| 300 | |a 45[30] hojas :ilustraciones | ||
| 500 | |a Proyecto de graduación (bachiller en ingeniería eléctrica)--Universidad de Costa Rica. Facultad de Ingeniería. Escuela de Ingeniería Eléctrica | ||
| 501 | |a Profesor Guía de Proyecto Eléctrico: Harold Sánchez V. | ||
| 700 | |9 767 |a Sánchez V., Harold |d Director de Proyecto Eléctrico | ||
| 942 | |c CEDI |h TFG 1601 |6 TFG_1601_000000000000000 | ||
| 999 | |c 21207 |d 21207 | ||
